000 00281nam a22001337a 4500
008 181022b xxu||||| |||| 00| 0 eng d
020 _a0442297548
041 _aeng
080 _22nd
_a910
100 _a42
101 _aGJEO
245 _aThe South
_cHart,J.F
942 _2udc
_cBK
999 _c50358
_d50358